000 00841 a2200241 4500
003 dpl
005 20090604135432.0
008 090604t xxu||||| |||| 00| 0 eng d
010 _aENG-85501
020 _c550.00
_a8187471301
035 _aEN-69034
037 _bD.B.Act / Pub
040 _cdpl
082 _a230.35
100 _aSatya Prakash Singh
245 _aLife and vision of vedic seers 2 Dirghatamas
_cby Satya Prakash Singh
260 _aNew Delhi
_bStandard Publishers
_c2006
270 _aG-126/2, Street No. 26, Rajapuri Main Road, Uttam Nagar
_bNew Delhi
_e110 059
_k91-011-25415043
_l91-011-25635908
_mSr_allbook@vsnl.net
300 _a217 p.
_c23 cm (Hb.)
500 _aIncludes index
942 _adp
_cEN
_k230.35 / SAT
_2ddc
999 _c2768
_d2768